La bioéthique (notice n° 1925714)

détails MARC
000 -LEADER
fixed length control field 01032cam a2200145 4500500
005 - DATE AND TIME OF LATEST TRANSACTION
control field 20260329023234.0
041 ## - LANGUAGE CODE
Language code of text/sound track or separate title fre
042 ## - AUTHENTICATION CODE
Authentication code dc
100 10 - MAIN ENTRY--PERSONAL NAME
Personal name Feldmann, Gérard
Relator term author
245 00 - TITLE STATEMENT
Title La bioéthique
260 ## - PUBLICATION, DISTRIBUTION, ETC.
Name of publisher, distributor, etc. Armand Colin,<br/>
Date of publication, distribution, etc. 2010.<br/>
520 ## - SUMMARY, ETC.
Summary, etc. Procréation médicalement assistée, « mères porteuses », diagnostics anténataux, recherche sur les cellules souches embryonnaires, euthanasie… la bioéthique interroge d’abord les frontières de la vie : la naissance et la mort. Les principes qu’elle met en jeu sont essentiels et leur champ d’application doit tenir compte de l’évolution des pratiques des médecins et chercheurs, mais aussi des mentalités. L’ouvrage explique pourquoi ces principes doivent être régulièrement actualisés et permettre un progrès scientifique et médical respectueux de la dignité de la personne humaine. 
700 10 - ADDED ENTRY--PERSONAL NAME
Personal name Feldmann, Gérard
Relator term author
856 41 - ELECTRONIC LOCATION AND ACCESS
Uniform Resource Identifier <a href="https://shs.cairn.info/la-bioethique--9782200249823?lang=fr&redirect-ssocas=7080">https://shs.cairn.info/la-bioethique--9782200249823?lang=fr&redirect-ssocas=7080</a>

Pas d'exemplaire disponible.

PLUDOC

PLUDOC est la plateforme unique et centralisée de gestion des bibliothèques physiques et numériques de Guinée administré par le CEDUST. Elle est la plus grande base de données de ressources documentaires pour les Étudiants, Enseignants chercheurs et Chercheurs de Guinée.

Adresse

627 919 101/664 919 101

25 boulevard du commerce
Kaloum, Conakry, Guinée

Réseaux sociaux

Powered by Netsen Group @ 2025